000 00474cam a2200193ua 4500
001 3672
005 20260515113719.0
008 111126n ii |||gr||||Z||||||asm
040 _cMAIN
082 _a891.4514
100 1 _aBora, Rabindra Chandra,
245 1 1 _aSahitya samikhya
_cby Rabindra Chandra Bora
250 _a1st.
260 _aGuwahati:
_bBanalata,992.
300 _a183p:
_c23cm.
653 _aAssamese literature
653 _aSahitya samikhya
942 _cBK
999 _c3499
_d3499